000
00256nam a2200109Ia 4500
008
190914s9999||||xx |||||||||||||| ||und||
100
_a
Roger S.Pressman
245
0
_a
Software Engineering
260
_a
USA
_b
Education
_c
2000
300
_a
901
942
_c
BK
999
_c
8777
_d
8777